| 000 -LEADER |
| fixed length control field |
00919nam a2200313 i 4500 |
| 001 - CONTROL NUMBER |
| control field |
020437068 |
| 003 - CONTROL NUMBER IDENTIFIER |
| control field |
UkOxU |
| 005 - DATE AND TIME OF LATEST TRANSACTION |
| control field |
20190805142610.0 |
| 008 - FIXED-LENGTH DATA ELEMENTS--GENERAL INFORMATION |
| fixed length control field |
151013r20152014enka 000 0 eng c |
| 020 ## - INTERNATIONAL STANDARD BOOK NUMBER |
| International Standard Book Number |
9781846683480 |
| Qualifying information |
paperback |
| 040 ## - CATALOGING SOURCE |
| Original cataloging agency |
UkOxU |
| Language of cataloging |
eng |
| Description conventions |
rda |
| Transcribing agency |
UkOxU |
| 042 ## - AUTHENTICATION CODE |
| Authentication code |
ukscp |
| 049 ## - LOCAL HOLDINGS (OCLC) |
| Holding library |
CROBAR |
| 082 ## - DEWEY DECIMAL CLASSIFICATION NUMBER |
| Classification number |
510 STE |
| 100 1# - MAIN ENTRY--PERSONAL NAME |
| Personal name |
Stewart, Ian, |
| Dates associated with a name |
1945- |
| Relator term |
author. |
| 245 10 - TITLE STATEMENT |
| Title |
Professor Stewart's casebook of mathematical mysteries / |
| Statement of responsibility, etc. |
Ian Stewart. |
| 264 #1 - PRODUCTION, PUBLICATION, DISTRIBUTION, MANUFACTURE, AND COPYRIGHT NOTICE |
| Place of production, publication, distribution, manufacture |
London : |
| Name of producer, publisher, distributor, manufacturer |
Profile Books, |
| Date of production, publication, distribution, manufacture, or copyright notice |
2015. |
| 264 #4 - PRODUCTION, PUBLICATION, DISTRIBUTION, MANUFACTURE, AND COPYRIGHT NOTICE |
| Date of production, publication, distribution, manufacture, or copyright notice |
©2015 |
| 300 ## - PHYSICAL DESCRIPTION |
| Extent |
x, 307 pages : |
| Other physical details |
illustrations ; |
| Dimensions |
20 cm |
| 336 ## - CONTENT TYPE |
| Content type term |
text |
| Source |
rdacontent |
| 337 ## - MEDIA TYPE |
| Media type term |
unmediated |
| Source |
rdamedia |
| 338 ## - CARRIER TYPE |
| Carrier type term |
volume |
| Source |
rdacarrier |
| 500 ## - GENERAL NOTE |
| General note |
First published in hardback: 2014. |
| 650 #0 - SUBJECT ADDED ENTRY--TOPICAL TERM |
| Topical term or geographic name entry element |
Mathematics |
| Form subdivision |
Miscellanea. |
| 942 ## - ADDED ENTRY ELEMENTS (KOHA) |
| Source of classification or shelving scheme |
|
| Koha item type |
Books - Non Ficton |
| 980 ## - EQUIVALENCE OR CROSS-REFERENCE-SERIES STATEMENT--PERSONAL NAME/TITLE [LOCAL, CANADA] |
| Miscellaneous information |
1 |
| Date of a work |
1/3360751 |
| 981 ## - EQUIVALENCE OR CROSS-REFERENCE-SERIES STATEMENT--CORPORATE NAME/TITLE [LOCAL, CANADA] |
| Date of meeting or treaty signing |
Agency file oxf2015-41.1 |